000 01169pam a2200325 a 4500
001 1004644
003 ARRUPE
005 20150827104646.0
008 870402s1987 enk b 101 0 eng
010 _a 87011035
020 _a0719023254 :
_c$50.00 (U.S.)
040 _aDLC
_cDLC
_dDLC
041 0 _aengfre
043 _af------
050 0 0 _aGN645
_b.T68 1987
082 0 0 _a306.8/1/096
_219
245 0 0 _aTransformations of African marriage /
_cedited by David Parkin and David Nyamwaya.
260 _aManchester, UK ;
_aWolfeboro, NH, USA :
_bManchester University Press for the International African Institute,
_cc1987.
300 _axiv, 350 p. ;
_c24 cm.
440 0 _aInternational African seminars ;
_vnew ser., no. 3
_918925
500 _aEnglish and French.
504 _aIncludes bibliographies and index.
650 0 _aMarriage customs and rites
_zAfrica
_xCongresses.
_918926
650 0 _aMarriage
_zAfrica
_xCongresses.
_918927
700 1 _aParkin, David J.
_918928
700 1 _aNyamwaya, David.
_918929
710 2 _aInternational African Institute.
_93663
906 _a7
_bcbc
_corignew
_d1
_eocip
_f19
_gy-gencatlg
942 _2lcc
_cMONOGRAPH
999 _c123138
_d123138